| 000 | 00457cam a2200181ua 4500 | ||
|---|---|---|---|
| 020 | _cRs 2.50 | ||
| 041 |
_amal _h |
||
| 082 |
_a894.812 1 _bKRI/SA |
||
| 100 | _aKrishnan, Chelayil . | ||
| 245 |
_aSakunthalam / _cChelayil Krishnan. _hTextual Documents |
||
| 260 |
_aEranakulam : _bParishath book stall , _c1959. |
||
| 300 | _a288 ; . | ||
| 365 | _aRs 2.50 | ||
| 504 | _a | ||
| 650 | _aMani Pravala Kavyam | ||
| 942 | _cBK | ||
| 999 |
_c583 _d583 |
||